Normal view
MARC view
- Society of Chartered Surveyors in the Republic of Ireland
Entry Corporate Name
001 - CONTROL NUMBER
- control field: 5210
003 - CONTROL NUMBER IDENTIFIER
- control field: OSt
005 - DATE AND TIME OF LATEST TRANSACTION
- control field: 20190806150241.0
008 - FIXED-LENGTH DATA ELEMENTS
- fixed length control field: 070525n| acannaabn |n ana d
040 ## - CATALOGING SOURCE
- Original cataloging agency: OSt
- Transcribing agency: OSt
110 2# - HEADING--CORPORATE NAME
- Corporate name or jurisdiction name as entry element: Society of Chartered Surveyors in the Republic of Ireland
- Subordinate unit: Junior Organisation
670 ## - SOURCE DATA FOUND
- Source citation: JO Journal, [19??]-